| 000 -LEADER |
| fixed length control field |
00987nam a22002297a 4500 |
| 005 - DATE AND TIME OF LATEST TRANSACTION |
| control field |
20241104125307.0 |
| 008 - FIXED-LENGTH DATA ELEMENTS--GENERAL INFORMATION |
| fixed length control field |
241104s2015 enk||||| |||| 00| 0 eng d |
| 020 ## - INTERNATIONAL STANDARD BOOK NUMBER |
| International Standard Book Number |
9781605353890x |
| 041 ## - LANGUAGE CODE |
| Language code of text/sound track or separate title |
eng |
| 080 ## - UNIVERSAL DECIMAL CLASSIFICATION NUMBER |
| Universal Decimal Classification number |
582 P-71 |
| 245 ## - TITLE STATEMENT |
| Title |
Plant Systematics: |
| Remainder of title |
A Phylogenetic Approach / |
| Statement of responsibility, etc. |
Walter S. Judd, Christopher S. Campbell, Elizabeth A. Kellogg, Peter F. Stevens, Michael J. Donoghue. |
| 264 ## - PRODUCTION, PUBLICATION, DISTRIBUTION, MANUFACTURE, AND COPYRIGHT NOTICE |
| Place of production, publication, distribution, manufacture |
New York: |
| Name of producer, publisher, distributor, manufacturer |
Sinauer Associates, |
| Date of production, publication, distribution, manufacture, or copyright notice |
2016. |
| 300 ## - PHYSICAL DESCRIPTION |
| Extent |
678 p.: |
| Other physical details |
ill.; |
| Dimensions |
28 cm. |
| 653 ## - INDEX TERM--UNCONTROLLED |
| keyword |
მცენარეთა სისტემატიკა |
| 653 ## - INDEX TERM--UNCONTROLLED |
| keyword |
ფილოგენეტიკური მიდგომა |
| 700 ## - ADDED ENTRY--PERSONAL NAME |
| Personal name |
Judd, Walter S. |
| Relator term |
ავტორი |
| 9 (RLIN) |
7297 |
| 700 ## - ADDED ENTRY--PERSONAL NAME |
| Personal name |
Campbell, Christopher S. |
| Relator term |
ავტორი |
| 9 (RLIN) |
23609 |
| 700 ## - ADDED ENTRY--PERSONAL NAME |
| Personal name |
Kellogg, Elizabeth A. |
| Relator term |
ავტორი |
| 9 (RLIN) |
23610 |
| 700 ## - ADDED ENTRY--PERSONAL NAME |
| Personal name |
Stevens, Peter F. |
| Relator term |
ავტორი |
| 9 (RLIN) |
23611 |
| 700 ## - ADDED ENTRY--PERSONAL NAME |
| Personal name |
Donoghue, Michael J. |
| Relator term |
ავტორი |
| 9 (RLIN) |
23612 |
| 942 ## - ADDED ENTRY ELEMENTS (KOHA) |
| Source of classification or shelving scheme |
|
| Koha item type |
წიგნი |